Donkey Kong Country Levels - Statistics

General Stats
  • This quiz has been taken 121 times
    81 since last reset
  • The average score is 20 of 40
Answer Stats
World Level % Correct
Kongo Jungle Jungle Hijinxs
76%
Kremkroc Industries, Inc. Poison Pond
74%
??? Gang-Plank Galleon
71%
Kremkroc Industries, Inc. Mine Cart Madness
71%
Monkey Mines Stop & Go Station
71%
Monkey Mines Mine Cart Carnage
68%
Kremkroc Industries, Inc. Blackout Basement
65%
Vine Valley Orang-utan Gang
62%
Vine Valley Vulture Culture
62%
Monkey Mines Winky's Walkway
62%
Kongo Jungle Barrel Cannon Canyon
56%
Kongo Jungle Coral Capers
56%
Gorilla Glacier Croctopus Chase
56%
Chimp Caverns Loopy Lights
56%
Kongo Jungle Ropey Rampage
56%
Vine Valley Tree Top Town
56%
Gorilla Glacier Ice Age Alley
53%
Monkey Mines Necky's Nuts
53%
Chimp Caverns Necky's Revenge
53%
Gorilla Glacier Snow Barrel Blast
53%
Kremkroc Industries, Inc. Trick Track Trek
53%
Vine Valley Clam City
50%
Kremkroc Industries, Inc. Oil Drum Alley
50%
Chimp Caverns Platform Perils
50%
Kongo Jungle Very Gnawty's Lair
50%
Chimp Caverns Manic Mincers
47%
Chimp Caverns Misty Mine
47%
Vine Valley Temple Tempest
47%
Kongo Jungle Reptile Rumble
41%
Gorilla Glacier Slipslide Ride
41%
Chimp Caverns Tanked Up Trouble
38%
Gorilla Glacier Torchlight Trouble
38%
Kremkroc Industries, Inc. Elevator Antics
35%
Vine Valley Forest Frenzy
32%
Monkey Mines Millstone Mayhem
32%
Kremkroc Industries, Inc. Boss Dumb Drum
29%
Monkey Mines Bouncy Bonanza
29%
Vine Valley Bumble B Rumble
29%
Gorilla Glacier Rope Bridge Rumble
26%
Gorilla Glacier Really Gnawty Rampage
21%
No matching quizzes found
Score Distribution
Percent of People with Each Score
Percentile by Number Answered
Your Score History
You have not taken this quiz since the last reset